Normal view
MARC view
Entry Personal Name
001 - CONTROL NUMBER
- control field: 2431
003 - CONTROL NUMBER IDENTIFIER
- control field: BD-RjUL
005 - DATE AND TIME OF LATEST TRANSACTION
- control field: 20220413115506.0
008 - FIXED-LENGTH DATA ELEMENTS
- fixed length control field: 220413|| aca||aabn | a|a d
040 ## - CATALOGING SOURCE
- Original cataloging agency: BD-RjUL
- Transcribing agency: BD-RjUL
100 ## - HEADING--PERSONAL NAME
- Personal name: হান্নান, মো. আব্দুল, তত্ত্বাবধায়ক
670 ## - SOURCE DATA FOUND
- Source citation: Work cat.: (BD-RjUL)79694: আজাদ, মো. আবুল কালাম 2426, মাওলানা ইসমাঈল হোসেন ইসলাম নগরী :, ২০০৯